000 00568nam a2200217Ia 4500
005 20260115172842.0
008 008 260114s9999 xx 000 0 eng d
020 _a9781783304868
037 _aEBOOK
040 _aCRL
_beng
_cCRL
041 _aeng
_2eng
084 _qCRL
100 _aGartner
_9879493
245 0 _aMetadata in the Digital Library
260 _bBristol University Press
260 _bCambridge University Press
260 _c2021
856 _uhttps://doi.org/10.29085/9781783304868
942 _cEBOOK
999 _c1478099
_d1478099